Catàleg dels protocols notarials dels antics districtes de Falset i Gandesa / per Roser Puig i Tàrrech
ISBN:
84-7935-712-6
Descripción Física:
202 p. ; 24 cm
Otros Autores:
Fundació Noguera
MARC
| LEADER | 00000nam a2200000Ia 4500 | ||
|---|---|---|---|
| 001 | 13127 | ||
| 008 | 160829s2000 xx 000 0 cat d | ||
| 020 | |a 84-7935-712-6 | ||
| 080 | |a A-2-109 | ||
| 100 | |a Puig i Tàrrech, Roser |9 37494 | ||
| 245 | |a Catàleg dels protocols notarials dels antics districtes de Falset i Gandesa / per Roser Puig i Tàrrech | ||
| 260 | |a Barcelona : |b Fundació Noguera ; Lleida : |b Pagès, |c 2000 | ||
| 300 | |a 202 p. ; |c 24 cm | ||
| 490 | |a Inventari d'Arxius Notarials de Catalunya ; 22 | ||
| 650 | |a Documents públics |x Falset |x Catàlegs |9 37495 | ||
| 650 | |a Documents públics |x Gandesa |x Catàlegs |9 37496 | ||
| 650 | |a Documents públics |x Tarragona |x Catalegs |9 37497 | ||
| 700 | |a Fundació Noguera |9 70407 | ||
| 901 | |a Arxiu | ||
| 942 | |n 1 | ||
| 952 | |0 0 |1 0 |4 0 |6 A2109 |7 1 |9 47897 |a Arxiu |b Arxiu |d 2016-12-01 |l 0 |o A-2-109 |p 13127 |r 2016-12-01 00:00:00 |w 2016-12-01 |y ARXIU | ||
| 999 | |c 51697 |d 51697 | ||